| 000 | 01573nam a2200505 i 4500 | ||
|---|---|---|---|
| 001 | 20171 | ||
| 003 | KOSZ 005 | ||
| 005 | 20210428092059.0 | ||
| 008 | 021121s1974 pl a f |000 0 pol | ||
| 015 | _aUWD 1975/293 | ||
| 035 | _a991019848559705066 | ||
| 035 | _a(PL-WaBN)b15380828-48omnis_nlop | ||
| 035 | _ab15380828 | ||
| 035 | _a(OCoLC)749972423 | ||
| 035 | _azz2005943008 | ||
| 035 | _a(PL)b0000001538082 | ||
| 035 | _a(EXLNZ-48OMNIS_NETWORK)9910005975805606 | ||
| 040 |
_aWA N _cWA N _dKOSZ 005/HR |
||
| 041 | 0 | _apol | |
| 046 | _k1974 | ||
| 080 | _a658.2 | ||
| 080 | _a628.5 | ||
| 080 | _a534.83 | ||
| 080 | _a331.4 | ||
| 100 | 1 |
_aPuzyna, Czesław _d(1920-2003) _eAutor |
|
| 245 | 1 | 0 |
_aZwalczanie hałasu w przemyśle : _bzagadnienia wybrane / _cCzesław Puzyna. |
| 260 |
_aWarszawa : _bWydawnictwa Naukowo-Techniczne, _c1974. |
||
| 300 |
_a345, [2] s. : _bil., tab., wykr. ; _c25 cm. |
||
| 336 |
_aTekst _btxt _2rdacontent |
||
| 337 |
_aBez urządzenia pośredniczącego _bn _2rdamedia |
||
| 338 |
_aWolumin _bnc _2rdacarrier |
||
| 380 | _aKsiążki | ||
| 380 | _aPuiblikacje fachowe | ||
| 388 | _a1901-2000 | ||
| 388 | _a1989-2000 | ||
| 504 | _aBibliogr. | ||
| 650 | 7 |
_aHałas przemysłowy _2DBN |
|
| 650 | 7 | _aZwalczanie | |
| 650 | 7 |
_aBHP _2DBN |
|
| 658 | _aInżynieria i technika | ||
| 710 | 2 |
_aWydawnictwa Naukowo-Techniczne _4pbl |
|
| 856 |
_uhttp://koha.tu.koszalin.pl/cgi-bin/koha/opac-detail.pl?biblionumber=20171 _yKatalog online BPK |
||
| 942 |
_2UKD _cKS |
||
| 999 |
_c20171 _d20171 |
||